| 000 | 00806nam a2200229Ia 4500 | ||
|---|---|---|---|
| 008 | 191130s2007##################000#0#eng## | ||
| 020 | _a9780521863742 | ||
| 040 |
_aACL _cACL |
||
| 082 | _a324.9 BRU | ||
| 100 | _aBrug, Wouter van der | ||
| 245 |
_aThe economy and the vote : economic conditions and elections in fifteen countries _cWouter van der Brug, Cees van der Eijk, Mark Franklin |
||
| 260 |
_aCambridge _bCambridge University Press _cc2007 |
||
| 300 | _ax, 234 p. : ill. ; 24 cm | ||
| 500 | _aIncludes bibliographical references (p. 219-228) and index | ||
| 650 | _aElections - Economic aspects | ||
| 650 | _aVoting - Economic aspects | ||
| 700 | _aEijk, C. van der | ||
| 700 | _aFranklin, Mark N | ||
| 990 | _a53204c40ac10000c2652363ccf6ce347 | ||
| 991 | _a297510 | ||
| 999 |
_c303440 _d303440 |
||